[Event "CZE-chT2C 1213"]
[Site "Czech Republic"]
[Date "2013.03.24"]
[Round "11.4"]
[White "Boukal, Petr"]
[Black "Karlicek, Pavel"]
[Result "1-0"]
[WhiteElo "2221"]
[BlackElo "2114"]
[PlyCount "115"]
[EventDate "2012.10.14"]
[EventType "team-tourn"]
[EventRounds "11"]
[EventCountry "CZE"]
[SourceTitle "EXT 2015"]
[Source "ChessBase"]
[SourceDate "2014.11.20"]
[SourceVersion "1"]
[SourceVersionDate "2014.11.20"]
[SourceQuality "1"]
[WhiteTeam "Vysehrad II"]
[BlackTeam "Cesky Krumlov"]
[WhiteTeamCountry "CZE"]
[BlackTeamCountry "CZE"]

1. e4 e5 2. Nf3 Nc6 3. Bb5 f5 4. d3 fxe4 5. dxe4 Nf6 6. 0-0 Bc5 7. Bg5 d6 8. Nc3 Bg4 9. Nd5 0-0 10. Nxf6+ gxf6 11. Bh6 Re8 12. Bc4+ Kh8 13. Ng5 fxg5 14. Qxg4 Qf6 15. Qxg5 Qxg5 16. Bxg5 Kg7 17. c3 h6 18. Be3 Bxe3 19. fxe3 Rf8 20. Rf3 Rxf3 21. gxf3 Rf8 22. Kf2 Rf6 23. b4 Ne7 24. Bb3 Rg6 25. f4 h5 26. f5 Rg4 27. Kf3 Ng8 28. Bxg8 Kxg8 29. Rd1 Rh4 30. Rg1+ Kf7 31. Rg2 Rh3+ 32. Ke2 b5 33. a4 a6 34. axb5 axb5 35. Kd3 c5 36. bxc5 dxc5 37. c4 bxc4+ 38. Kxc4 Rxe3 39. Kd5 Kf6 40. Rg6+ Kf7 41. Kxe5 Re2 42. Rc6 Rxh2 43. Rc7+ Kg8 44. Rxc5 h4 45. Kf6 Re2 46. e5 h3 47. Rc3 h2 48. Rh3 Rb2 49. e6 Ra2 50. Rg3+ Kh7 51. Rh3+ Kg8 52. e7 Ra6+ 53. Kg5 Kf7 54. Rh7+ Ke8 55. f6 Re6 56. Rxh2 Kf7 57. Rh7+ Kg8 58. e8Q+ 1-0

[Event "CZE-chT2C 1213"]
[Site "Czech Republic"]
[Date "2013.01.20"]
[Round "7.1"]
[White "Seidl, Stepan"]
[Black "Karlicek, Pavel"]
[Result "1-0"]
[WhiteElo "2185"]
[BlackElo "2114"]
[PlyCount "54"]
[EventDate "2012.10.14"]
[EventType "team-tourn"]
[EventRounds "11"]
[EventCountry "CZE"]
[SourceTitle "EXT 2015"]
[Source "ChessBase"]
[SourceDate "2014.11.20"]
[SourceVersion "1"]
[SourceVersionDate "2014.11.20"]
[SourceQuality "1"]
[WhiteTeam "Jihlava Gambit"]
[BlackTeam "Cesky Krumlov"]
[WhiteTeamCountry "CZE"]
[BlackTeamCountry "CZE"]

1. e4 e5 2. Nf3 Nc6 3. Bb5 f5 4. Nc3 fxe4 5. Nxe4 d5 6. Nxe5 dxe4 7. Nxc6 Qg5 8. Qe2 Nf6 9. f4 Qxf4 10. d4 Qd6 11. Ne5+ c6 12. Bc4 Be6 13. Bg5 Be7 14. c3 0-0-0 15. 0-0 Rhf8 16. Bb3 Rde8 17. Bf4 Bd5 18. Ng6 Qd7 19. Nxf8 Bxf8 20. c4 Bf7 21. Be5 Bh5 22. Qe3 Ng4 23. Qg5 g6 24. Bd1 Nxe5 25. dxe5 h6 26. Qe3 b6 27. Qxe4 Bd6 1-0

[Event "CZE-chT2C 1213"]
[Site "Czech Republic"]
[Date "2012.11.04"]
[Round "2.5"]
[White "Karlicek, Pavel"]
[Black "Krouzel, Jaroslav"]
[Result "0-1"]
[WhiteElo "2114"]
[BlackElo "2153"]
[PlyCount "62"]
[EventDate "2012.10.14"]
[EventType "team-tourn"]
[EventRounds "11"]
[EventCountry "CZE"]
[SourceTitle "EXT 2015"]
[Source "ChessBase"]
[SourceDate "2014.11.20"]
[SourceVersion "1"]
[SourceVersionDate "2014.11.20"]
[SourceQuality "1"]
[WhiteTeam "Cesky Krumlov"]
[BlackTeam "Pankrac II"]
[WhiteTeamCountry "CZE"]
[BlackTeamCountry "CZE"]

1. e4 e6 2. d4 d5 3. Nc3 Bb4 4. e5 c5 5. a3 Bxc3+ 6. bxc3 Ne7 7. Nf3 Nbc6 8. a4 Qa5 9. Bd2 Bd7 10. Be2 c4 11. 0-0 f6 12. Re1 Ng6 13. Bf1 Qc7 14. g3 0-0-0 15. Bh3 Rde8 16. Bc1 h5 17. Kg2 h4 18. Ba3 Rh7 19. Bd6 Qd8 20. Qc1 hxg3 21. hxg3 Nh8 22. a5 Nf7 23. Qb2 Nxd6 24. exd6 e5 25. g4 Kb8 26. dxe5 fxe5 27. a6 b6 28. Qb5 Nd4 29. Qxd5 Bc6 30. Qxc4 Bxf3+ 31. Kh2 Rxh3+ 0-1

[Event "CZE-chT2C 1213"]
[Site "Czech Republic"]
[Date "2012.10.14"]
[Round "1.4"]
[White "Karlicek, Pavel"]
[Black "Stoklasa, Jan"]
[Result "1-0"]
[WhiteElo "2114"]
[BlackElo "2176"]
[PlyCount "109"]
[EventDate "2012.10.14"]
[EventType "team-tourn"]
[EventRounds "11"]
[EventCountry "CZE"]
[SourceTitle "EXT 2015"]
[Source "ChessBase"]
[SourceDate "2014.11.20"]
[SourceVersion "1"]
[SourceVersionDate "2014.11.20"]
[SourceQuality "1"]
[WhiteTeam "Cesky Krumlov"]
[BlackTeam "Vlasim"]
[WhiteTeamCountry "CZE"]
[BlackTeamCountry "CZE"]

1. e4 d5 2. exd5 Nf6 3. Bb5+ Nbd7 4. c4 a6 5. Bxd7+ Qxd7 6. Nc3 e6 7. dxe6 Qxe6+ 8. Qe2 Bb4 9. Nf3 0-0 10. Qxe6 Bxe6 11. b3 b5 12. cxb5 axb5 13. Nd4 Bd7 14. 0-0 c6 15. Re1 Rfe8 16. Rxe8+ Rxe8 17. Bb2 Ng4 18. Nf3 Ne5 19. Nxe5 Rxe5 20. d4 Re8 21. a3 Ba5 22. Rd1 Bg4 23. f3 Bf5 24. b4 Bb6 25. Kf2 f6 26. Ne2 Be6 27. Nf4 Bc4 28. Re1 Rxe1 29. Kxe1 Kf7 30. Kd2 Bc7 31. g3 Bxf4+ 32. gxf4 Ke6 33. Ke3 Kd5 34. f5 Bf1 35. Kf4 Bh3 36. Bc3 Kc4 37. Bb2 Kd3 38. a4 bxa4 39. d5 cxd5 40. b5 g5+ 41. fxg6 hxg6 42. Bxf6 a3 43. Ba1 Bc8 44. Ke5 Kc4 45. b6 a2 46. h4 Kc5 47. Bd4+ Kc6 48. Kf6 Kb5 49. f4 Kc4 50. Ke5 Kd3 51. Kxd5 Ke2 52. Ke5 Kf3 53. f5 gxf5 54. h5 f4 55. h6 1-0

[Event "CZE-chT2A 1112"]
[Site "Czech Republic"]
[Date "2012.04.22"]
[Round "11"]
[White "Karlicek, Pavel"]
[Black "Koubek, Vaclav"]
[Result "1/2-1/2"]
[WhiteElo "2105"]
[BlackElo "2107"]
[PlyCount "115"]
[EventDate "2011.10.09"]
[EventType "team-tourn"]
[EventRounds "11"]
[EventCountry "CZE"]
[SourceTitle "EXT 2013"]
[Source "ChessBase"]
[SourceDate "2012.11.22"]
[SourceVersion "1"]
[SourceVersionDate "2012.11.22"]
[SourceQuality "1"]
[WhiteTeam "Cesky Krumlov"]
[BlackTeam "Zizkov"]
[WhiteTeamCountry "CZE"]
[BlackTeamCountry "CZE"]

1. e4 e5 2. Nf3 Nc6 3. Nc3 Nf6 4. Bc4 Bc5 5. d3 d6 6. a3 a6 7. b4 Bb6 8. Nd5 Nxd5 9. Bxd5 Nd4 10. c3 Nxf3+ 11. Qxf3 Qf6 12. Qxf6 gxf6 13. Be3 Bxe3 14. fxe3 c6 15. Ba2 Be6 16. 0-0 Ke7 17. Rf2 Bxa2 18. Raxa2 Rhg8 19. Rf3 Rg6 20. Rh3 h6 21. Rf2 Rag8 22. Rh5 R8g7 23. g3 Rh7 24. Kg2 Rg5 25. Rf5 Ke6 26. h4 Rxf5 27. exf5+ Ke7 28. Kf3 Kf8 29. g4 Kg7 30. c4 Rh8 31. Ke4 b5 32. Kf3 Ra8 33. g5 fxg5 34. hxg5 hxg5 35. Rxg5+ Kf6 36. Rh5 a5 37. Rh6+ Ke7 38. c5 dxc5 39. bxc5 Ra6 40. Ke4 b4 41. axb4 axb4 42. Kxe5 b3 43. f6+ Kd7 44. Rh1 Ra5 45. d4 b2 46. Rb1 Rb5 47. e4 Rb3 48. Kf5 Rf3+ 49. Kg4 Rb3 50. Kf5 Rf3+ 51. Ke5 Rb3 52. d5 Rb4 53. d6 Rc4 54. Rxb2 Rxc5+ 55. Kd4 Kxd6 56. Rb7 Rc1 57. Rxf7 Ke6 58. Rf8 1/2-1/2

[Event "CZE-chT2A 1112"]
[Site "Czech Republic"]
[Date "2012.01.08"]
[Round "5"]
[White "Karlicek, Pavel"]
[Black "Vondrus, Martin"]
[Result "1-0"]
[WhiteElo "2105"]
[BlackElo "1960"]
[PlyCount "47"]
[EventDate "2011.10.09"]
[EventType "team-tourn"]
[EventRounds "11"]
[EventCountry "CZE"]
[SourceTitle "EXT 2013"]
[Source "ChessBase"]
[SourceDate "2012.11.22"]
[SourceVersion "1"]
[SourceVersionDate "2012.11.22"]
[SourceQuality "1"]
[WhiteTeam "Cesky Krumlov"]
[BlackTeam "Jindrichuv Hradec"]
[WhiteTeamCountry "CZE"]
[BlackTeamCountry "CZE"]

1. e4 d6 2. d4 Nf6 3. Nc3 e5 4. Nf3 Nbd7 5. Bc4 Be7 6. 0-0 0-0 7. Re1 c6 8. a4 Qc7 9. h3 exd4 10. Nxd4 Ne5 11. Bf1 h6 12. Kh1 Re8 13. f4 Ned7 14. Qd3 Bf8 15. Qg3 Nc5 16. Bd3 Nxd3 17. cxd3 Qb6 18. Qf2 Nd7 19. a5 Qc7 20. Bd2 b6 21. Rec1 Ba6 22. Nd5 Qb7 23. Rxc6 Bxd3 24. Rc7 1-0

[Event "CZE-chT2A 1011"]
[Site "Czech Republic"]
[Date "2010.11.21"]
[Round "3"]
[White "Karlicek, Pavel"]
[Black "Klecker, Tadeas"]
[Result "0-1"]
[WhiteElo "2147"]
[BlackElo "2221"]
[PlyCount "74"]
[EventDate "2010.10.17"]
[EventType "team-tourn"]
[EventRounds "11"]
[EventCountry "CZE"]
[SourceTitle "EXT 2012"]
[Source "ChessBase"]
[SourceDate "2011.11.24"]
[SourceVersion "1"]
[SourceVersionDate "2011.11.24"]
[SourceQuality "1"]
[WhiteTeam "Cesky Krumlov"]
[BlackTeam "Praha Oaza"]
[WhiteTeamCountry "CZE"]
[BlackTeamCountry "CZE"]

1. e4 c5 2. a3 g6 3. d4 cxd4 4. c3 d3 5. Bxd3 Nc6 6. Nf3 Bg7 7. Bc4 d6 8. 0-0 Nf6 9. e5 dxe5 10. Qxd8+ Nxd8 11. Nxe5 Be6 12. Bb5+ Nd7 13. Bf4 a6 14. Bxd7+ Bxd7 15. Nxd7 Kxd7 16. Rd1+ Kc6 17. Nd2 Ne6 18. Be3 Rad8 19. Nb3 b6 20. Kf1 Nc5 21. Nxc5 bxc5 22. Rac1 c4 23. Ke2 e5 24. Rxd8 Rxd8 25. Rd1 Rxd1 26. Kxd1 Kb5 27. Kc2 a5 28. b4 cxb3+ 29. Kxb3 a4+ 30. Kc2 e4 31. g4 Kc4 32. Bd4 Bxd4 33. cxd4 f5 34. d5 Kxd5 35. Kc3 f4 36. g5 Kc5 37. h3 Kd5 0-1

[Event "Cesky Krumlov op 4th"]
[Site "Cesky Krumlov"]
[Date "2010.11.21"]
[Round "1"]
[White "Karlicek, Pavel"]
[Black "Kral, Ladislav"]
[Result "1-0"]
[WhiteElo "2147"]
[BlackElo "1702"]
[PlyCount "21"]
[EventDate "2010.11.21"]
[EventType "swiss"]
[EventRounds "9"]
[EventCountry "CZE"]
[SourceTitle "CBM 139 Extra"]
[Source "ChessBase"]
[SourceDate "2011.01.05"]
[SourceVersion "1"]
[SourceVersionDate "2011.01.05"]
[SourceQuality "1"]

1. e4 e6 2. d4 d5 3. Nc3 Nf6 4. Bg5 Be7 5. e5 Nfd7 6. h4 a6 7. Qg4 Bxg5 8. hxg5 Qe7 9. 0-0-0 c5 10. dxc5 Nxc5 11. Nxd5 1-0

[Event "CZE-chT2A 1011"]
[Site "Czech Republic"]
[Date "2010.10.17"]
[Round "1"]
[White "Kotrba, Tomas"]
[Black "Karlicek, Pavel"]
[Result "1/2-1/2"]
[WhiteElo "2135"]
[BlackElo "2147"]
[PlyCount "36"]
[EventDate "2010.10.17"]
[EventType "team-tourn"]
[EventRounds "11"]
[EventCountry "CZE"]
[SourceTitle "EXT 2012"]
[Source "ChessBase"]
[SourceDate "2011.11.24"]
[SourceVersion "1"]
[SourceVersionDate "2011.11.24"]
[SourceQuality "1"]
[WhiteTeam "Zizkov"]
[BlackTeam "Cesky Krumlov"]
[WhiteTeamCountry "CZE"]
[BlackTeamCountry "CZE"]

1. d4 Nf6 2. Nf3 c5 3. d5 b5 4. a4 b4 5. c4 d6 6. Nbd2 Bf5 7. g3 h6 8. Bg2 g5 9. 0-0 Nbd7 10. b3 Bg7 11. Bb2 0-0 12. Re1 Bh7 13. e4 g4 14. Nh4 Ne5 15. Bxe5 dxe5 16. Nf5 h5 17. f3 Qd7 18. fxg4 Nxg4 1/2-1/2

[Event "CZE-chT2A 0910"]
[Site "Czech Republic"]
[Date "2010.04.18"]
[Round "11.3"]
[White "Hadzala, Daniel"]
[Black "Karlicek, Pavel"]
[Result "0-1"]
[WhiteElo "2084"]
[BlackElo "2053"]
[PlyCount "20"]
[EventDate "2009.10.18"]
[EventType "team-tourn"]
[EventRounds "11"]
[EventCountry "CZE"]
[SourceTitle "EXT 2012"]
[Source "ChessBase"]
[SourceDate "2011.11.24"]
[SourceVersion "1"]
[SourceVersionDate "2011.11.24"]
[SourceQuality "1"]
[WhiteTeam "Zebrak"]
[BlackTeam "Cesky Krumlov"]
[WhiteTeamCountry "CZE"]
[BlackTeamCountry "CZE"]

1. Nf3 g6 2. d4 Bg7 3. Bf4 c5 4. e3 Qb6 5. Nc3 Nf6 6. Bd3 Qxb2 7. Na4 Qb4+ 8. c3 Qa5 9. Nxc5 b6 10. Nb3 Qxc3+ 0-1

[Event "CZE-chT2A 0910"]
[Site "Czech Republic"]
[Date "2010.01.17"]
[Round "5.5"]
[White "Trmota, Zdenek"]
[Black "Karlicek, Pavel"]
[Result "0-1"]
[WhiteElo "2171"]
[BlackElo "2053"]
[PlyCount "72"]
[EventDate "2009.10.18"]
[EventType "team-tourn"]
[EventRounds "11"]
[EventCountry "CZE"]
[SourceTitle "EXT 2012"]
[Source "ChessBase"]
[SourceDate "2011.11.24"]
[SourceVersion "1"]
[SourceVersionDate "2011.11.24"]
[SourceQuality "1"]
[WhiteTeam "Plzen Letna"]
[BlackTeam "Cesky Krumlov"]
[WhiteTeamCountry "CZE"]
[BlackTeamCountry "CZE"]

1. d4 Nf6 2. Nf3 c5 3. d5 b5 4. a4 b4 5. Bg5 Ne4 6. Bh4 d6 7. e3 f5 8. Bb5+ Bd7 9. Nbd2 Bxb5 10. axb5 Nxd2 11. Qxd2 h6 12. Qd3 g5 13. Bg3 Bg7 14. Qxf5 Bxb2 15. Qg6+ Kd7 16. Rd1 Qg8 17. Qf5+ Kd8 18. Qd3 Nd7 19. e4 Bc3+ 20. Nd2 Qg7 21. 0-0 h5 22. h3 h4 23. Bh2 g4 24. hxg4 Qxg4 25. Qf3 Qg7 26. Qh3 Kc7 27. Nc4 Raf8 28. f4 Bd4+ 29. Kh1 Nf6 30. Qf3 Nh5 31. Ne3 Ng3+ 32. Kg1 Rxf4 33. Qxf4 Ne2+ 34. Kh1 Nxf4 35. Bxf4 Bxe3 36. Bxe3 h3 0-1

[Event "Cesky Krumlov op 3rd"]
[Site "Cesky Krumlov"]
[Date "2009.11.17"]
[Round "4"]
[White "Karlicek, Pavel"]
[Black "Snorek, Milan"]
[Result "1-0"]
[WhiteElo "2053"]
[BlackElo "2151"]
[PlyCount "51"]
[EventDate "2009.11.14"]
[EventType "swiss"]
[EventRounds "9"]
[EventCountry "CZE"]
[SourceTitle "EXT 2010"]
[Source "ChessBase"]
[SourceDate "2010.11.25"]
[SourceVersion "1"]
[SourceVersionDate "2010.11.25"]
[SourceQuality "1"]

1. e4 c5 2. a3 e6 3. b4 d5 4. exd5 Qxd5 5. Nc3 Qd8 6. Nf3 Nf6 7. bxc5 Bxc5 8. d4 Bb6 9. Bb5+ Bd7 10. 0-0 0-0 11. Bg5 Bxb5 12. Nxb5 Nc6 13. Be3 a6 14. Nc3 Ba5 15. Qd3 Bxc3 16. Qxc3 Rc8 17. Qd3 Na5 18. Ne5 Qd5 19. Rfb1 Rfd8 20. Rb4 Ne8 21. Bf4 f6 22. Ng4 Nc6 23. Rxb7 f5 24. Nh6+ gxh6 25. Qg3+ Kh8 26. Rf7 1-0

[Event "CZE-chT2A 0910"]
[Site "Czech Republic"]
[Date "2009.10.18"]
[Round "1.6"]
[White "Koubek, Vaclav1111"]
[Black "Karlicek, Pavel"]
[Result "1/2-1/2"]
[WhiteElo "2080"]
[BlackElo "2053"]
[PlyCount "124"]
[EventDate "2009.10.18"]
[EventType "team-tourn"]
[EventRounds "11"]
[EventCountry "CZE"]
[SourceTitle "EXT 2012"]
[Source "ChessBase"]
[SourceDate "2011.11.24"]
[SourceVersion "1"]
[SourceVersionDate "2011.11.24"]
[SourceQuality "1"]
[WhiteTeam "Zizkov"]
[BlackTeam "Cesky Krumlov"]
[WhiteTeamCountry "CZE"]
[BlackTeamCountry "CZE"]

1. e4 e5 2. Nf3 Nc6 3. Bc4 Nf6 4. d3 Bc5 5. c3 d6 6. Nbd2 0-0 7. Nf1 Be6 8. Bb3 d5 9. exd5 Bxd5 10. Ng3 Bxb3 11. axb3 e4 12. Nxe4 Nxe4 13. dxe4 Qxd1+ 14. Kxd1 Bxf2 15. Bf4 Bb6 16. Kc2 f6 17. Rad1 Rad8 18. Rd5 Ne7 19. Rxd8 Rxd8 20. Bg3 Ng6 21. Re1 Re8 22. b4 h6 23. c4 c5 24. Kc3 a5 25. b5 Kf7 26. h4 Ke6 27. h5 Ne7 28. Nh4 a4 29. Ra1 Ba5+ 30. Kc2 Rd8 31. Nf3 b6 32. Rxa4 g5 33. hxg6 Rg8 34. Bf2 Rxg6 35. Bxc5 Rxg2+ 36. Kc1 f5 37. exf5+ Nxf5 38. Nd4+ Nxd4 39. Bxd4 h5 40. Bxb6 Bd2+ 41. Kd1 h4 42. Bc7 h3 43. Ra3 h2 44. Rh3 Rg1+ 45. Kxd2 h1Q 46. Rxh1 Rxh1 47. Kc3 Kd7 48. Be5 Rh3+ 49. Kb4 Re3 50. Bc3 Kc7 51. c5 Re4+ 52. Ka5 Kb7 53. c6+ Kc7 54. Ka6 Re6 55. Ba5+ Kb8 56. Kb6 Re5 57. Bc3 Rg5 58. Bf6 Rf5 59. Be7 Rd5 60. c7+ Kc8 61. Kc6 Rd7 62. Bd6 Rxc7+ 1/2-1/2

[Event "Strmilov op"]
[Site "Strmilov"]
[Date "2004.05.08"]
[Round "7"]
[White "Cifka, Stanislav"]
[Black "Karlicek, Pavel"]
[Result "0-1"]
[WhiteElo "2262"]
[BlackElo "1953"]
[PlyCount "148"]
[EventDate "2004.05.05"]
[EventType "swiss"]
[EventRounds "9"]
[EventCountry "CZE"]
[SourceTitle "EXT 2006"]
[Source "ChessBase"]
[SourceDate "2005.11.24"]
[SourceVersion "1"]
[SourceVersionDate "2005.11.24"]
[SourceQuality "1"]

1. d4 Nf6 2. c4 e5 3. dxe5 Ng4 4. Bf4 Nc6 5. Nf3 Bb4+ 6. Nbd2 Qe7 7. e3 Ngxe5 8. Nxe5 Nxe5 9. Be2 d6 10. 0-0 g5 11. Bxe5 dxe5 12. Ne4 Bf5 13. Ng3 Bg6 14. Bg4 h5 15. Bf5 h4 16. Bxg6 hxg3 17. Bf5 gxh2+ 18. Kh1 e4 19. Qd4 f6 20. Rad1 Bc5 21. Qd5 c6 22. Bg6+ Kf8 23. Qf5 Qe5 24. Qxe5 fxe5 25. Rd7 Rg8 26. Bxe4 Rg7 27. Rfd1 Re7 28. Kxh2 Rae8 29. Kg3 Kg7 30. Kg4 Kf6 31. Rxe7 Bxe7 32. Rh1 Bf8 33. Rh5 Rd8 34. Rxg5 Rd2 35. Rf5+ Kg7 36. Rxe5 Rxf2 37. Re8 Rxb2 38. Rb8 Bd6 39. Rd8 Bc5 40. Kf4 Kf6 41. Rd7 Rf2+ 42. Bf3 Rc2 43. Be4 Rf2+ 44. Kg4 Rb2 45. Kf3 Rxa2 46. Rxb7 Ra3 47. Bxc6 Rxe3+ 48. Kf4 Rd3 49. Bd5 Rd4+ 50. Kf3 Rd3+ 51. Ke2 Re3+ 52. Kd2 Ra3 53. Rb8 Rg3 54. Bf3 Ke5 55. Re8+ Kd6 56. Rd8+ Kc7 57. Rd5 Kb6 58. Rd8 Bb4+ 59. Kd3 a5 60. Rb8+ Kc7 61. Rb7+ Kd6 62. Ke4 Rg5 63. Rb6+ Kc7 64. Ra6 Kb7 65. Rh6 Kc7 66. Kd4 Bc5+ 67. Kc3 Bb4+ 68. Kb3 Be7 69. Rc6+ Kb8 70. Ka4 Bb4 71. Bd5 Rg7 72. Rb6+ Kc8 73. Kb5 Bc3 74. c5 Rg5 0-1